| 000 -LEADER |
| fixed length control field |
02121cam a2200385 a 4500 |
| 001 - CONTROL NUMBER |
| control field |
15513032 |
| 003 - CONTROL NUMBER IDENTIFIER |
| control field |
NUST |
| 005 - DATE AND TIME OF LATEST TRANSACTION |
| control field |
20191023112429.0 |
| 008 - FIXED-LENGTH DATA ELEMENTS--GENERAL INFORMATION |
| fixed length control field |
081106s2009 dcua b i001 0 eng |
| 010 ## - LIBRARY OF CONGRESS CONTROL NUMBER |
| LC control number |
2008044060 |
| 020 ## - INTERNATIONAL STANDARD BOOK NUMBER |
| International Standard Book Number |
9780821375730 |
| 020 ## - INTERNATIONAL STANDARD BOOK NUMBER |
| International Standard Book Number |
0821375733 |
| 020 ## - INTERNATIONAL STANDARD BOOK NUMBER |
| International Standard Book Number |
9780821375747 (electronic) |
| 020 ## - INTERNATIONAL STANDARD BOOK NUMBER |
| International Standard Book Number |
0821375741 (electronic) |
| 035 ## - SYSTEM CONTROL NUMBER |
| System control number |
(OCoLC)ocn227015922 |
| 035 ## - SYSTEM CONTROL NUMBER |
| System control number |
(OCoLC)227015922 |
| 038 ## - RECORD CONTENT LICENSOR |
| Staff Name |
MSOHAIL |
| 040 ## - CATALOGING SOURCE |
| Original cataloging agency |
DLC |
| Transcribing agency |
DLC |
| Modifying agency |
BTCTA |
| -- |
BAKER |
| -- |
YDXCP |
| -- |
C#P |
| -- |
BWX |
| -- |
CDX |
| -- |
DLC |
| 050 00 - LIBRARY OF CONGRESS CALL NUMBER |
| Classification number |
HT321 |
| Item number |
.U338 2009 |
| 082 00 - DEWEY DECIMAL CLASSIFICATION NUMBER |
| Classification number |
330.91732 |
| Edition number |
22 |
| 245 00 - TITLE STATEMENT |
| Title |
Urbanization and growth / |
| Statement of responsibility, etc. |
edited by Michael Spence, Patricia Clarke Annez, and Robert M. Buckley ; contributions by Michael Spence ... [et al.]. |
| 260 ## - PUBLICATION, DISTRIBUTION, ETC. |
| Place of publication, distribution, etc. |
Washington, DC : |
| Name of publisher, distributor, etc. |
Commission on Growth and Development : |
| -- |
World Bank, |
| Date of publication, distribution, etc. |
c2009. |
| 300 ## - PHYSICAL DESCRIPTION |
| Extent |
xxx, 255 p. : |
| Other physical details |
ill. (some col.) ; |
| Dimensions |
26 cm. |
| 504 ## - BIBLIOGRAPHY, ETC. NOTE |
| Bibliography, etc. note |
Includes bibliographical references and index. |
| 505 0# - FORMATTED CONTENTS NOTE |
| Formatted contents note |
Urbanization and growth : setting the context / Patricia Clarke Annez and Robert M. Buckley -- Rethinking economic growth in a globalizing world : an economic geography lens / Anthony J. Venables -- Are cities engines of growth and prosperity for developing countries? / Gilles Duranton -- Urbanization, agglomeration, and economic development / John M. Quigley -- Spatial inequality and economic development : theories, facts, and policies / Sukkoo Kim -- Housing policy in developing countries : the importance of the informal economy / Richard Arnott -- The U.S. subprime mortgage crisis : issues raised and lessons learned / Dwight M. Jaffee. |
| 650 #0 - SUBJECT ADDED ENTRY--TOPICAL TERM |
| Topical term or geographic name entry element |
Urban economics. |
| 9 (RLIN) |
24608 |
| 650 #0 - SUBJECT ADDED ENTRY--TOPICAL TERM |
| Topical term or geographic name entry element |
Urbanization |
| General subdivision |
Economic aspects. |
| 9 (RLIN) |
24559 |
| 650 #0 - SUBJECT ADDED ENTRY--TOPICAL TERM |
| Topical term or geographic name entry element |
Cities and towns |
| General subdivision |
Growth. |
| 9 (RLIN) |
24240 |
| 700 1# - ADDED ENTRY--PERSONAL NAME |
| Personal name |
Spence, Michael, |
| Dates associated with a name |
1943- |
| 9 (RLIN) |
24609 |
| 700 1# - ADDED ENTRY--PERSONAL NAME |
| Personal name |
Annez, Patricia Clarke. |
| 9 (RLIN) |
24610 |
| 700 1# - ADDED ENTRY--PERSONAL NAME |
| Personal name |
Buckley, Robert M. |
| 9 (RLIN) |
24611 |
| 906 ## - LOCAL DATA ELEMENT F, LDF (RLIN) |
| a |
7 |
| b |
cbc |
| c |
orignew |
| d |
1 |
| e |
ecip |
| f |
20 |
| g |
y-gencatlg |
| 942 ## - ADDED ENTRY ELEMENTS (KOHA) |
| Source of classification or shelving scheme |
|
| Koha item type |
Book |